000 00437pab a2200169 454500
008 180718b2014 xxu||||| |||| 00| 0 eng d
100 _aVarman, Rohit
245 _aMarketing thought in India: Challenges of hegemony and inclusivity
260 _c2014
300 _ap.1-6.
362 _aApr-Jun
650 _aManagement education - India
650 _aManagement education
773 _aVikalpa
908 _aN
909 _a105063
999 _c105058
_d105058